Inazuma Eleven 2 - Statistiques

Statistiques générales
  • Ce quiz a été pris 60 fois
    48 depuis la dernière actualisation
  • Le résultat moyen est 16 sur 19
Statistiques - réponses
Postes Joueurs % Correct
Gardien de but, Libero Mark Evans
100%
Défenseur, Gardien Darren Lachance
93%
Défenseur Jack Wallside
93%
Attaquant Axel Blaze
91%
Managers Nelly Raimon
91%
Attaquant, Défenseur Shawn Frost
91%
Défenseur Hurley Kane
89%
Milieu Offensif Jude Sharp
89%
Attaquante Suzette Heartland (Sue)
89%
Milieu Victoria Vanguard (Tori)
86%
Entraîneurs Aquilina Lina Schiller
80%
Milieu Latéral Erik Eagle
80%
Défenseur Scotty Banyan
80%
Entraîneurs Seymour Hillman
77%
Défenseur Bobby Shearer
73%
Managers Célia Hills
70%
Managers Silvia Woods
70%
Attaquant, Milieu Byron Love
64%
Attaquant Willy Glass
57%
Aucun quiz correspondant
Distribution des résultats
% des personnes avec chaque résultat
Percentile par nombre de réponses
Votre historique - résultats
Vous n’avez pas pris ce quiz depuis la dernière actualisation